00626nam a2200181Ia 4500003000900000008004100009040001600050080001400066245010000080260003300180300001300213650003600226650004100262700002900303942000700332999001500339952009000354IN-BaIIA211028s9999 xx 000 0 eng d cIIA Library a52.3bPER 0aFlight Test Instrumentationcedited by M. A. Perry  aOxfordbPergamon Pressc1961 ax, 153p. aAeronautical Engineering910650 aAstronomy and Astrophysics Thesaurus aPerry, M. A., ed.910651 cBK c6167d6167 00104070aBANbBANcGENd1979-04-07l0o52.3/ PERp6879r2021-11-05w1979-04-07yBK